Statistics for Lana Del Rey - Dark Paradise Lyrics

Click here to take the quiz!

General Stats

  • This quiz has been taken 111 times
  • The average score is 361 of 400

Answer Stats

Answer% Correct
a
100%
I
100%
my
100%
the
100%
you
100%
you)
100%
dark
99%
Every
99%
I'm
99%
It
99%
it
99%
like
99%
paradise
99%
to
99%
close
97%
eyes
97%
on
97%
time
97%
be
96%
it's
96%
no
96%
No
96%
that
96%
your
96%
Your
96%
All
94%
in
94%
me
94%
scared
94%
Tell
94%
tell
94%
friends
93%
should
93%
There's
93%
there's
93%
waiting
93%
won't
93%
and
91%
And
91%
But
91%
but
91%
is
91%
move
91%
other
91%
side
91%
when
91%
can
90%
one
90%
compares
88%
dreams
88%
for
88%
melody
88%
singing
88%
That's
88%
was
88%
(Ah)
87%
(Dead
87%
dead
87%
fine
87%
leave
87%
song
87%
telling
87%
Telling
87%
tonight
87%
wish
87%
face
85%
head
85%
everything
84%
memory
84%
ha
82%
here
82%
how
82%
remedy
82%
lying
81%
see
81%
soul
81%
this
81%
why
81%
don't
79%
from
79%
ocean
79%
stay
79%
up
79%
wake
79%
you're
79%
can't
78%
Oh
78%
oh
78%
forever
76%
haunting
76%
Loving
76%
wanna
76%
strong
75%
wrong
75%
feel
73%
love
73%
not
72%
sang
72%
ask
69%
Even
69%
touching
69%
we
67%
'em
66%
Except
66%
find
66%
lives
66%
played
66%
true
66%
relief
64%
sleep
64%
though
64%
everybody's
55%
release
55%
rushing
48%

Score Distribution

Percentile by Number Answered

Percent of People with Each Score

Your Score History

You have not taken this quiz